000 00516nam a2200181Ia 4500
008 240729s9999 xx 000 0 und d
022 _a2042-5937
245 0 _aAncient Asia
260 _aIndia
260 _bARF India
650 _a Archaeology | History (General) and history of Europe
650 _a Architecture | Auxiliary sciences of history
650 _a History of Asia
650 _aFine Arts
856 _uhttps://doaj.org/toc/e1a62641f91743ef80d11373e1e394a6
942 _2ddc
942 _cDOAJEJ
999 _c72458
_d72458
945 _a1
_bMadushi Gamage
_c1
_dMadushi Gamage